Pramen života : myšlenky o eucharistii /

Hlavní autor: Thurian, Max, 1921-1996
Další autoři: Sapienza , Leonardo
Jazyk: Čeština
Vydáno: Kostelní Vydří : Karmelitánské nakladatelství, 2005
Témata:
Fyzický popis: 38 s. ; 15 cm
Knihy
Uloženo v:
LEADER 01399nam a2200385 a 4500
001 000765693
003 CZ BrMZK
005 20090813082132.0
007 ta
008 050304s2005 xr er 000 0 cze d
015 |a cnb001525121 
020 |a 80-7192-710-4  |q (brož.) :  |c Kč 39,00 
035 |a (OCoLC)85138584 
040 |a BOA001  |b cze 
041 1 |a cze  |h ita 
072 7 |a 27-5  |x Liturgie. Křesťanské umění a symbolika. Duchovní život  |2 Konspekt  |9 5 
080 |a 27-549  |2 MRF 
080 |a 27-584  |2 MRF 
080 |a 27-675  |2 MRF 
080 |a (0:82-4)  |2 MRF 
100 1 |a Thurian, Max,  |d 1921-1996  |7 mzk2005273107  |4 aut 
245 1 0 |a Pramen života :  |b myšlenky o eucharistii /  |c Max Thurian ; Leonardo Sapienza (ed.) ; [z italského originálu ... přeložil Ctirad Václav Pospíšil] 
260 |a Kostelní Vydří :  |b Karmelitánské nakladatelství,  |c 2005 
300 |a 38 s. ;  |c 15 cm 
504 |a Obsahuje bibliografické odkazy 
650 0 7 |a eucharistie  |7 ph120027  |2 czenas 
650 0 7 |a duchovní život  |7 ph114375  |2 czenas 
650 0 7 |a ekumenismus  |7 ph119842  |2 czenas 
655 7 |a úvahy  |7 fd134000  |2 czenas 
700 1 |a Sapienza , Leonardo  |7 mzk2009521605  |4 edt 
765 0 |t Eucaristia  |9 Česky 
910 |a BOA001  |b S-1145.743 
990 |a BK 
991 |b 200505  |c NOV 
996 6 |b 2610243951  |c S-1145.743  |l MZK  |r Sklad / do 24 hodin  |n 1  |p p.v.  |w 000765693  |u 000010  |a 1  |e BOA001  |j MZK50  |s P